Australian Landmarks - Statistics

General Stats
  • This quiz has been taken 216 times
  • The average score is 10 of 15
Answer Stats
Hint Answer % Correct
Also known as Ayers Rock Uluru
93%
Largest Coral Reef in the World Great Barrier Reef
92%
Famous Beach in Sydney Bondi Beach
91%
Famous Road in Victoria with Twelve Apostles Great Ocean Road
74%
The MCG Melbourne Cricket Ground
74%
The Themepark Capital Gold Coast
71%
Zoo in Sydney Taronga Zoo
69%
Famous White Sails Sydney Opera House
64%
Where the Three Sisters are located Blue Mountains
59%
The 'Coathanger' Sydney Harbour Bridge
59%
Rainforest in Northern Queensland Daintree Rainforest
58%
Famous Wine Region in South Australia Barossa Valley
50%
Largest Sand Island in the World Fraser Island
43%
Located at the end of Anzac Parade in Canberra Australian War Memorial
41%
Markets in Hobart Salamanca Markets
22%
No matching quizzes found
Score Distribution
Percent of People with Each Score
Percentile by Number Answered
Your Score History
You have not taken this quiz